000 00487nam a2200205 a 4500
999 _c4484
_d4484
001 4484
003 BD-JhCC
005 20171127195947.0
008 171127s1964 e p|||| || | 001 0 eng d
035 _a(BD-JhCC)4484
040 _aBD-JhCC
_dBD-JhCC
041 _aeng
082 _a910.091822
_bWAL 1964
100 _aWalker, D. S.
245 _aThe Mediterranean Lands /
_cD. S. Walker,
300 _a524 p. :
_c20 cm.
650 _aGeography
942 _2ddc
_cBK